Najmłodsze i najstarsze kraje z różnych kontynentów - Statystyki

Ogólne statystyki
  • Ten quiz został rozwiązany 57 razy
  • Średni wynik to 9 z 12
Statystyki odpowiedzi
# Kontynent Państwo % Poprawnych
Najstarsze Afryka Egipt
96%
Najmłodsze Europa Kosowo
92%
Najstarsze Australia i Oceania Australia
90%
Najstarsze Europa Grecja
90%
Najstarsze Ameryka Północna Stany Zjednoczone
88%
Najmłodsze Afryka Sudan Południowy
88%
Najstarsze Azja Iran
81%
Najmłodsze Ameryka Południowa Surinam
73%
Najstarsze Ameryka Południowa Ekwador
71%
Najmłodsze Azja Timor Wschodni
67%
Najmłodsze Australia i Oceania Palau
63%
Najmłodsze Ameryka Północna Saint Kitts i Nevis
44%
Nie znaleziono quizów pasujących do podanych kryteriów
Rozkład punktacji
Procent ludzi z każdym wynikiem
Percentyl według liczby udzielonych odpowiedzi
Twoja historia wyników
Nie rozwiązałeś tego quizu